[Event "HZ Open"]
[Site "?"]
[Date "2005.08.13"]
[Round "8"]
[White "Nijboer Friso"]
[Black "Landa Konstantin"]
[Result "1-0"]
[WhiteElo "2529"]
[BlackElo "2609"]
[PlyCount "97"]
[EventDate "2005.??.??"]
[Source "www.chesslib.no"]
[SourceDate "2004.05.04"]

1. e4 e5 2. Nf3 Nc6 3. Bb5 a6 4. Ba4 Nf6 5. O-O Be7 6. Re1 b5 7. Bb3 O-O 8. a3 d6 9. c3 Na5 10. Bc2 c5 11. d4 cxd4 12. cxd4 Bg4 13. dxe5 Bxf3 14. Qxf3 dxe5 15. Nc3 Nc6 16. Be3 Nd4 17. Bxd4 Qxd4 18. Bb3 Rad8 19. Rad1 Qa7 20. Nd5 Nxd5 21. Rxd5 Rxd5 22. Bxd5 Bg5 23. g3 Qe7 24. Qc3 Rd8 25. Rd1 Kf8 26. Rd3 h5 27. Rf3 Bf6 28. Qa5 Rd6 29. Rc3 Qd8 30. Qb4 Be7 31. Qb3 Rf6 32. Qc2 Qb6 33. Rc8+ Bd8 34. b4 g6 35. Kg2 Kg7 36. Qc5 Qd6 37. Ra8 Qb6 38. f3 a5 39. Qxb6 Bxb6 40. bxa5 Bc5 41. Rb8 Bxa3 42. Rxb5 Bc1 43. Bb7 Rd6 44. Rd5 Rxd5 45. exd5 Kf6 46. d6 Ke6 47. a6 Be3 48. Bd5+ Kxd6 49. Bxf7 1-0

[Event "URS-chT"]
[Site "Moscow"]
[Date "1972.??.??"]
[Round "?"]
[White "Vasiukov, Evgeni"]
[Black "Tukmakov, Vladimir B"]
[Result "1/2-1/2"]
[WhiteElo "2575"]
[BlackElo "2560"]
[PlyCount "87"]
[EventDate "1972.??.??"]
[Source "ChessBase"]

1. e4 e5 2. Nf3 Nc6 3. Bb5 a6 4. Ba4 Nf6 5. O-O Be7 6. Re1 b5 7. Bb3 d6 8. c3 O-O 9. a3 Nd7 10. d4 Nb6 11. Nbd2 Bf6 12. d5 Na5 13. Ba2 c6 14. dxc6 Qc7 15. Nf1 Qxc6 16. Ng3 Nac4 17. Nh5 Be7 18. b3 Na5 19. Qd2 f6 20. c4 Nb7 21. cxb5 axb5 22. b4+ Nc4 23. Nh4 Rf7 24. Qd3 Be6 25. Nf5 Bxf5 26. exf5 d5 27. Rd1 d4 28. Ng3 Nbd6 29. Bb3 Bf8 30. Ra2 Kh8 31. Rc2 Rc7 32. h3 Nc8 33. Ne4 N8b6 34. Qf3 Qd7 35. Qg4 Nd5 36. Rd3 Rac8 37. Rg3 Qf7 38. Kh2 Ncb6 39. Rxc7 Rxc7 40. Bd2 Nc4 41. h4 Ra7 42. Bc1 Rc7 43. h5 h6 44. Bd2 1/2-1/2

[Event "TCh-FRA Nat1 GpA"]
[Site "Nancy"]
[Date "2004.01.31"]
[Round "2"]
[White "Nijboer, Friso"]
[Black "Pinter, Jozsef"]
[Result "1/2-1/2"]
[WhiteElo "2586"]
[BlackElo "2501"]
[PlyCount "96"]
[EventDate "2004.01.30"]
[Source "Roberto Alvarez"]
[SourceDate "2004.02.16"]

1. e4 e5 2. Nf3 Nc6 3. Bb5 a6 4. Ba4 Nf6 5. O-O Be7 6. Re1 b5 7. Bb3 O-O 8. a3 d6 9. c3 Be6 10. d4 Bxb3 11. Qxb3 Qb8 12. Qc2 Qb7 13. Bg5 Rfe8 14. d5 Nb8 15. Bxf6 Bxf6 16. Nbd2 c6 17. dxc6 Qxc6 18. Nf1 Nd7 19. Ne3 Nb6 20. Rad1 Rad8 21. Nd5 Nxd5 22. Rxd5 Be7 23. Re2 Rc8 24. Ne1 Qc4 25. Qd1 Rc5 26. Rd3 a5 27. Nc2 Qb3 28. Ne3 Qxd1+ 29. Rxd1 Bf8 30. Rd5 Rec8 31. Rxc5 Rxc5 32. Kf1 g6 33. f3 Bh6 34. Nd5 a4 35. Rc2 f5 36. Ke2 Kf7 37. Kd3 Rc4 38. h4 Bf4 39. b3 axb3 40. Rb2 fxe4+ 41. fxe4 Bg3 42. Rxb3 Rc5 43. a4 bxa4 44. Rb7+ Kf8 45. Ra7 h5 46. Rxa4 Bxh4 47. Ra6 Kg7 48. Ke2 Bg5 1/2-1/2

[Event "Moscow-4teams"]
[Site "Moscow"]
[Date "1981.??.??"]
[Round "?"]
[White "Suetin, Alexey S"]
[Black "Geller, Efim P"]
[Result "1/2-1/2"]
[WhiteElo "2615"]
[BlackElo "2465"]
[PlyCount "40"]
[EventDate "1981.06.??"]
[Source "ChessBase"]

1. e4 e5 2. Nf3 Nc6 3. Bb5 a6 4. Ba4 Nf6 5. O-O Be7 6. Re1 b5 7. Bb3 O-O 8. c3 d6 9. a3 h6 10. d4 Bg4 11. d5 Na5 12. Bc2 c6 13. h3 Bc8 14. dxc6 Qc7 15. Nbd2 Be6 16. Nf1 Qxc6 17. Ng3 Rfe8 18. Nh4 Bf8 19. Nhf5 Rac8 20. Qf3 Bb3 1/2-1/2

[Event "Kazan/Shenyang (m/13)"]
[Site "?"]
[Date "1999.??.??"]
[Round "?"]
[White "Galliamova, A."]
[Black "Xie, Jun"]
[Result "1/2-1/2"]
[WhiteElo "2555"]
[BlackElo "2525"]
[PlyCount "172"]
[EventDate "1999.??.??"]
[Source "Chess Informant"]
[SourceDate "1999.06.01"]

1. e4 e5 2. Nf3 Nc6 3. Bb5 a6 4. Ba4 Nf6 5. O-O Be7 6. Re1 b5 7. Bb3 d6 8. c3 O-O 9. a3 Re8 10. d4 h6 11. Nbd2 Bf8 12. Ba2 Bd7 13. b4 a5 14. Qb3 Re7 15. d5 Na7 16. c4 axb4 17. axb4 bxc4 18. Nxc4 Qb8 19. Na5 c6 20. h3 Qb5 21. Be3 cxd5 22. exd5 Bf5 23. Nd2 Rc7 24. Rac1 Rac8 25. Rc4 Rxc4 26. Ndxc4 Rc7 27. Na3 Qa6 28. Qb2 Bd3 29. Rc1 Qc8 30. Rd1 Qa6 31. Rc1 Qc8 32. Rxc7 Qxc7 33. Qc1 Qxc1+ 34. Bxc1 Nb5 35. Nxb5 Bxb5 36. Be3 Ne4 37. Bc4 Bxc4 38. Nxc4 Nc3 39. Na3 Nxd5 40. b5 Nb4 41. Nc4 f6 42. Bd2 d5 43. Bxb4 Bxb4 44. Ne3 Kf7 45. Nxd5 Bd6 46. b6 Ke6 47. Ne3 Kd7 48. Nf5 Bf8 49. g4 Kc6 50. Kg2 Kxb6 51. Kf3 Kc6 52. Ke4 Kc5 53. f3 Kc6 54. h4 g6 55. Ng3 Kd6 56. h5 f5+ 57. gxf5 gxh5 58. Nxh5 Ke7 59. Kxe5 Kf7 60. Nf4 Bg7+ 61. Ke4 Bb2 62. Nd3 Bc3 63. Nf4 Bb2 64. Nd5 Ba1 65. Kf4 Bb2 66. Kg4 Ba1 67. Ne3 Bb2 68. Nc4 Ba1 69. Kf4 Bg7 70. Nd6+ Ke7 71. Ne4 Kf7 72. Nf2 Bb2 73. Ng4 Bg7 74. Ke4 Ke7 75. Kf4 Kf7 76. Kg3 h5 77. Nf2 Be5+ 78. f4 Bc7 79. Ne4 Bb8 80. Kf3 Bc7 81. Ng3 h4 82. Ne4 h3 83. Ng3 h2 84. Nh1 Bb8 85. Kg4 Bc7 86. Ng3 Bb8 1/2-1/2

[Event "Hastings 9192"]
[Site "Hastings"]
[Date "1991.??.??"]
[Round "1"]
[White "Suetin, Alexey S"]
[Black "Agdestein, Simen"]
[Result "1/2-1/2"]
[WhiteElo "2405"]
[BlackElo "2590"]
[PlyCount "66"]
[EventDate "1991.12.??"]
[Source "ChessBase"]

1. e4 e5 2. Nf3 Nc6 3. Bb5 a6 4. Ba4 Nf6 5. O-O Be7 6. Re1 b5 7. Bb3 d6 8. c3 O-O 9. a3 Na5 10. Bc2 c5 11. d4 Qc7 12. Nbd2 Re8 13. b4 cxb4 14. axb4 Nb7 15. Bb2 Bg4 16. h3 Bh5 17. Bd3 exd4 18. cxd4 d5 19. e5 Nd7 20. Rc1 Qd8 21. Qc2 Bxb4 22. Bxh7+ Kh8 23. g4 Nf8 24. Bf5 Bg6 25. Bc3 Bxc3 26. Qxc3 Na5 27. Nb3 Nc4 28. Nc5 a5 29. h4 Ra7 30. Qd3 a4 31. Ng5 a3 32. e6 Nd6 33. Bxg6 fxg6 1/2-1/2

[Event "Weekendtoernooi"]
[Site "Windesheim"]
[Date "2004.03.20"]
[Round "4"]
[White "Nijboer, Friso"]
[Black "Jonkman, Harmen"]
[Result "1-0"]
[WhiteElo "2577"]
[BlackElo "2414"]
[PlyCount "127"]
[EventDate "2004.03.21"]
[Source "Roberto Alvarez"]
[SourceDate "2004.03.22"]

1. e4 e5 2. Nf3 Nc6 3. Bb5 a6 4. Ba4 Nf6 5. O-O Be7 6. Re1 b5 7. Bb3 O-O 8. a3 d6 9. c3 Na5 10. Bc2 c5 11. d4 Qc7 12. Nbd2 Re8 13. b4 cxb4 14. cxb4 Nc4 15. Nxc4 bxc4 16. Bd2 Bg4 17. Bc3 Nd7 18. d5 Nb6 19. h3 Bh5 20. a4 a5 21. bxa5 Nd7 22. Rb1 Rec8 23. Rb5 Nc5 24. g4 Bg6 25. Bb4 Nb7 26. Qd2 Bd8 27. Qc3 Nxa5 28. Rb1 Nb3 29. Bxb3 cxb3 30. Qxc7 Bxc7 31. Nd2 Rxa4 32. Rxb3 h5 33. Rc3 Kh7 34. gxh5 Bxh5 35. Bxd6 Rd4 36. Rxc7 Rxc7 37. Bxc7 Rxd2 38. Bxe5 Bf3 39. Rb4 Re2 40. d6 Rd2 41. Bf4 Rd3 42. Kh2 Kg6 43. Rb6 Kf6 44. e5+ Kf5 45. Rb4 g5 46. Be3 Kxe5 47. Bxg5 Kxd6 48. Be3 Bd5 49. h4 Ke5 50. h5 Rb3 51. Ra4 Rb1 52. h6 Rh1+ 53. Kg3 Kf6 54. Rf4+ Ke7 55. Ra4 Bb3 56. Ra7+ Ke6 57. Kf4 Rh5 58. Ra6+ Ke7 59. Kg4 Bd1+ 60. f3 Rh1 61. Bg5+ Kd7 62. Rf6 Ke7 63. h7 Rg1+ 64. Kf4 1-0

[Event "YUG-HUN"]
[Site "Sombor"]
[Date "1971.??.??"]
[Round "?"]
[White "Minic, Dragoljub"]
[Black "Forintos, Gyozo V"]
[Result "1/2-1/2"]
[WhiteElo "2490"]
[BlackElo "2500"]
[PlyCount "63"]
[EventDate "1971.??.??"]
[Source "www.chesslib.no"]
[SourceDate "2004.05.04"]

1. e4 e5 2. Nf3 Nc6 3. Bb5 a6 4. Ba4 Nf6 5. O-O Be7 6. Re1 b5 7. Bb3 d6 8. c3 O-O 9. a3 Be6 10. d4 Bxb3 11. Qxb3 d5 12. exd5 Na5 13. Qd1 exd4 14. Nxd4 Re8 15. b4 Nc4 16. Nd2 Qxd5 17. Nxc4 Qxc4 18. Bd2 Bd6 19. Qf3 Qd5 20. Qxd5 Nxd5 21. Nc6 Nb6 22. Na5 Be5 23. Rac1 f5 24. g3 Nc4 25. Nxc4 bxc4 26. Be3 Kf7 27. Red1 Rad8 28. Bd4 Bd6 29. Be3 Be5 30. Bd4 Bd6 31. Be3 Be5 32. Bd4 1/2-1/2

[Event "TCh-RUS Siberian Zone, Omsk RUS"]
[Site "?"]
[Date "2001.??.??"]
[Round "6"]
[White "Balashov, Y."]
[Black "Obukhov, A."]
[Result "1/2-1/2"]
[WhiteElo "2555"]
[BlackElo "2435"]
[PlyCount "25"]
[EventDate "2001.??.??"]
[Source "www.chesslib.no"]
[SourceDate "2004.05.04"]

1. e4 e5 2. Nf3 Nc6 3. Bb5 a6 4. Ba4 Nf6 5. O-O Be7 6. Re1 b5 7. Bb3 d6 8. c3 O-O 9. a3 Na5 10. Bc2 c5 11. d4 exd4 12. cxd4 Bg4 13. dxc5 1/2-1/2

[Event "Zaragoza op"]
[Site "?"]
[Date "1996.??.??"]
[Round "9"]
[White "Franco Ocampos Zenon"]
[Black "Strikovic Aleksa"]
[Result "1/2-1/2"]
[WhiteElo "2470"]
[BlackElo "2520"]
[PlyCount "22"]
[EventDate "1996.??.??"]
[Source "www.chesslib.no"]
[SourceDate "2004.05.04"]

1. e4 e5 2. Nf3 Nc6 3. Bb5 a6 4. Ba4 Nf6 5. O-O Be7 6. Re1 b5 7. Bb3 O-O 8. c3 d6 9. a3 Na5 10. Bc2 c5 11. d4 Qc7 1/2-1/2

[Event "JUG Team Ch"]
[Site "Cetinje"]
[Date "1992.??.??"]
[Round "?"]
[White "Muhutdinov, Marat"]
[Black "Djuric, Stefan"]
[Result "1-0"]
[WhiteElo "2425"]
[BlackElo "2535"]
[PlyCount "61"]
[EventDate "1992.??.??"]
[Source "www.chesslib.no"]
[SourceDate "2004.05.04"]

1. e4 e5 2. Nf3 Nc6 3. Bb5 a6 4. Ba4 Nf6 5. O-O Be7 6. Re1 b5 7. Bb3 O-O 8. c3 d6 9. a3 h6 10. d4 Bg4 11. Be3 Na5 12. Ba2 exd4 13. cxd4 d5 14. e5 Ne4 15. h3 Bh5 16. Nbd2 Nc4 17. Qc1 c5 18. dxc5 Nxe3 19. Rxe3 Bxf3 20. Nxf3 Bxc5 21. Re2 Rc8 22. Qe1 Rc7 23. Rd1 Rd7 24. e6 Rd6 25. exf7+ Kh8 26. Ne5 Qg5 27. Bxd5 Qxe5 28. Bxe4 Rxd1 29. Qxd1 Rxf7 30. Bg6 Bxf2+ 31. Rxf2 1-0

[Event "Dubna"]
[Site "Dubna"]
[Date "1979.??.??"]
[Round "?"]
[White "Suetin, Alexei S"]
[Black "Lukacs, Peter"]
[Result "1-0"]
[WhiteElo "2535"]
[BlackElo "2420"]
[PlyCount "67"]
[EventDate "1979.??.??"]
[Source "www.chesslib.no"]
[SourceDate "2004.05.04"]

1. e4 e5 2. Nf3 Nc6 3. Bb5 a6 4. Ba4 Nf6 5. O-O Be7 6. Re1 b5 7. Bb3 O-O 8. a3 d6 9. c3 Nd7 10. d4 Bf6 11. d5 Na5 12. Ba2 Nb6 13. Nbd2 c6 14. b4 Nac4 15. Nxc4 bxc4 16. dxc6 Be6 17. Be3 Rc8 18. Nd2 Rxc6 19. Qe2 Bg5 20. Bxb6 Qxb6 21. Nxc4 Qc7 22. Na5 Rxc3 23. Qxa6 Rxa3 24. Bxe6 Rxa1 25. Rxa1 fxe6 26. Nc6 d5 27. Re1 dxe4 28. Rxe4 Qd6 29. g3 h6 30. Kg2 Bd2 31. Qc4 Rf7 32. Rxe5 Bxb4 33. Rxe6 Qf8 34. Nxb4 1-0

[Event "Kurgan (Russia)"]
[Site "?"]
[Date "2001.??.??"]
[Round "?"]
[White "Balashov Yuri S"]
[Black "Zhidkov Valery S"]
[Result "1-0"]
[WhiteElo "2555"]
[BlackElo "2385"]
[PlyCount "47"]
[EventDate "2001.??.??"]
[Source "www.chesslib.no"]
[SourceDate "2004.05.04"]

1. e4 e5 2. Nf3 Nc6 3. Bb5 a6 4. Ba4 Nf6 5. O-O Be7 6. Re1 b5 7. Bb3 d6 8. c3 O-O 9. a3 Be6 10. Bxe6 fxe6 11. d4 h6 12. Nbd2 Qe8 13. Nf1 Qg6 14. Ng3 Nh5 15. dxe5 Nxg3 16. exd6 Nxe4 17. dxe7 Nxe7 18. Qe2 Nc5 19. Ne5 Qf5 20. g4 Qf6 21. b4 Nb3 22. Nd7 Qxc3 23. Bb2 Qd2 24. Nxf8 1-0

[Event "Rubinstein mem"]
[Site "Polanica Zdroj"]
[Date "1980.??.??"]
[Round "4"]
[White "Barczay, Laszlo"]
[Black "Plachetka, Jan"]
[Result "1/2-1/2"]
[WhiteElo "2450"]
[BlackElo "2480"]
[PlyCount "85"]
[EventDate "1980.08.??"]
[Source "ChessBase"]

1. e4 e5 2. Nf3 Nc6 3. Bb5 a6 4. Ba4 Nf6 5. O-O Be7 6. Re1 b5 7. Bb3 O-O 8. a3 d6 9. c3 Re8 10. d4 Bg4 11. d5 Na5 12. Ba2 Qc8 13. Bg5 h6 14. Bxf6 Bxf6 15. Nbd2 c5 16. dxc6 Nxc6 17. Nf1 Ne7 18. Ne3 Bh5 19. Nd5 Nxd5 20. Bxd5 Ra7 21. Qd3 Bd8 22. a4 bxa4 23. Rxa4 a5 24. h3 Bxf3 25. Qxf3 Bb6 26. b4 Ree7 27. Rea1 axb4 28. Rxa7 Bxa7 29. cxb4 Qc2 30. Ra6 Qb1+ 31. Kh2 Qe1 32. Qf5 Qxf2 33. Qxf2 Bxf2 34. b5 Ra7 35. Rxd6 Ra1 36. b6 Bg1+ 37. Kg3 Ra3+ 38. Kg4 Bf2 39. Rd8+ Kh7 40. Bxf7 g6 41. Bxg6+ Kxg6 42. Rd6+ Kf7 43. Rxh6 1/2-1/2

[Event "JUG-ch"]
[Site "JUG"]
[Date "1989.??.??"]
[Round "?"]
[White "Djuric, Stefan"]
[Black "Ilincic, Zlatko"]
[Result "1/2-1/2"]
[WhiteElo "2475"]
[BlackElo "2430"]
[PlyCount "26"]
[EventDate "1989.02.??"]
[Source "ChessBase"]

1. e4 e5 2. Nf3 Nc6 3. Bb5 a6 4. Ba4 Nf6 5. O-O Be7 6. Re1 b5 7. Bb3 d6 8. c3 O-O 9. a3 Bb7 10. d4 Re8 11. d5 Na5 12. Ba2 c6 13. dxc6 Bxc6 1/2-1/2

[Event "Serpukhov-A"]
[Site "?"]
[Date "2003.??.??"]
[Round "13"]
[White "Loskutov Oleg"]
[Black "Savon Vladimir A"]
[Result "1/2-1/2"]
[WhiteElo "2447"]
[BlackElo "2418"]
[PlyCount "83"]
[EventDate "2003.??.??"]
[Source "www.chesslib.no"]
[SourceDate "2004.05.04"]

1. e4 e5 2. Nf3 Nc6 3. Bb5 a6 4. Ba4 Nf6 5. O-O b5 6. Bb3 Be7 7. Re1 d6 8. c3 O-O 9. a3 Na5 10. Ba2 c5 11. d4 c4 12. Nbd2 Qc7 13. Bb1 Bg4 14. h3 Bh5 15. d5 Nd7 16. Bc2 Nc5 17. Rb1 Bd8 18. Nf1 Nab3 19. Be3 Bxf3 20. Qxf3 Qe7 21. Qd1 Rb8 22. Ng3 g6 23. Kh2 Qh4 24. Ne2 Bg5 25. g3 Qh6 26. f4 exf4 27. gxf4 Bh4 28. Ng3 Rbe8 29. Qf3 Nd3 30. Bxd3 cxd3 31. Rbd1 Bxg3+ 32. Kxg3 f5 33. exf5 Rxf5 34. Rxd3 Nc5 35. Rd4 Qf8 36. Bf2 Rxe1 37. Bxe1 Qf7 38. Bf2 Nd7 39. Qe4 Nf6 40. Qe6 Nxd5 41. Qc8+ Qf8 42. Qe6+ 1/2-1/2

[Event "Corr"]
[Site "?"]
[Date "1995.06.30"]
[Round "?"]
[White "Pochner Martin (GER)"]
[Black "Schuchardt Guenter"]
[Result "1/2-1/2"]
[WhiteElo "2430"]
[BlackElo "2415"]
[PlyCount "62"]
[EventDate "1995.??.??"]
[Source "www.chesslib.no"]
[SourceDate "2004.05.04"]

1. e4 e5 2. Nf3 Nc6 3. Bb5 a6 4. Ba4 Nf6 5. O-O Be7 6. Re1 b5 7. Bb3 O-O 8. c3 d6 9. a3 Na5 10. Bc2 c5 11. d4 cxd4 12. cxd4 Nc6 13. Be3 Bg4 14. d5 Na5 15. b3 h6 16. a4 b4 17. Nbd2 Nh7 18. Bd3 Bg5 19. h3 Bh5 20. Rc1 Bxe3 21. Rxe3 Ng5 22. Be2 Nxf3+ 23. Bxf3 Bxf3 24. Rxf3 Qd7 25. Nc4 Nxc4 26. Rxc4 a5 27. Qc1 Rac8 28. Rc6 Rxc6 29. dxc6 Qc7 30. Qc4 Rc8 31. Qd5 Kf8 1/2-1/2

[Event "Leipzig"]
[Site "?"]
[Date "1986.??.??"]
[Round "?"]
[White "Suetin, A."]
[Black "Lukacs, P."]
[Result "1/2-1/2"]
[WhiteElo "2400"]
[BlackElo "2435"]
[PlyCount "64"]
[EventDate "1986.??.??"]
[Source "ChessBase"]
[SourceDate "1986.07.01"]

1. e4 e5 2. Nf3 Nc6 3. Bb5 a6 4. Ba4 Nf6 5. O-O Be7 6. Re1 b5 7. Bb3 d6 8. c3 O-O 9. a3 Be6 10. d4 Bxb3 11. Qxb3 d5 12. exd5 Na5 13. Qc2 exd4 14. cxd4 Nxd5 15. Nc3 Re8 16. Bg5 f6 17. Bh4 Nxc3 18. Qxc3 Nc4 19. Bg3 Qd7 20. a4 Bd6 21. Rec1 Nb6 22. Qb3+ Kh8 23. a5 Bxg3 24. hxg3 Nd5 25. Re1 g6 26. Qc2 Rxe1+ 27. Rxe1 Re8 28. Rxe8+ Qxe8 29. Qc5 Qe6 30. Qf8+ Qg8 31. Qc5 Qe6 32. Qf8+ Qg8 1/2-1/2

[Event "YM"]
[Site "Winterthur"]
[Date "2004.10.05"]
[Round "5"]
[White "Zozulia, Anna"]
[Black "Hajnal, Zoltan"]
[Result "1/2-1/2"]
[WhiteElo "2412"]
[BlackElo "2407"]
[PlyCount "38"]
[EventDate "2004.10.01"]
[Source "Roberto Alvarez"]
[SourceDate "2004.10.18"]

1. e4 e5 2. Nf3 Nc6 3. Bb5 a6 4. Ba4 Nf6 5. O-O Be7 6. Re1 b5 7. Bb3 d6 8. c3 O-O 9. a3 Na5 10. Bc2 c5 11. d4 Bb7 12. Nbd2 cxd4 13. cxd4 exd4 14. Nxd4 Re8 15. b3 Bf8 16. Bb2 g6 17. Qf3 Bg7 18. Rad1 Bc8 19. Bb1 Qe7 1/2-1/2

[Event "Werfen Open"]
[Site "Werfen"]
[Date "1994.??.??"]
[Round "?"]
[White "Muhutdinov, Marat"]
[Black "Piven, Igor"]
[Result "1-0"]
[WhiteElo "2490"]
[BlackElo "2320"]
[PlyCount "149"]
[EventDate "1994.??.??"]
[Source "www.chesslib.no"]
[SourceDate "2004.05.04"]

1. e4 e5 2. Nf3 Nc6 3. Bb5 a6 4. Ba4 Nf6 5. O-O Be7 6. Re1 b5 7. Bb3 d6 8. c3 O-O 9. a3 Nb8 10. d4 Nbd7 11. c4 Bb7 12. Nc3 c6 13. Be3 h6 14. h3 Re8 15. cxb5 cxb5 16. d5 Qb8 17. Bc2 Rc8 18. Nh4 Rc7 19. Nf5 Bf8 20. g4 Kh7 21. Qd2 Ng8 22. Rec1 g6 23. Ng3 Be7 24. b4 Bc8 25. Bd3 Nb6 26. Nd1 Bd7 27. Ne2 Raa7 28. Nec3 Rc8 29. Nb2 Ra8 30. Kg2 Qb7 31. Kg3 Rc7 32. f3 Rac8 33. Rc2 Bg5 34. Rac1 Bxe3 35. Qxe3 Be8 36. f4 f6 37. f5 g5 38. h4 gxh4+ 39. Kxh4 Rg7 40. Ncd1 Rxc2 41. Rxc2 h5 42. Nf2 Nh6 43. Be2 hxg4 44. Nxg4 Nxg4 45. Bxg4 Rg5 46. Qh3 Qg7 47. Kg3+ Rh5 48. Qf1 Qg5 49. Rc7+ Kg8 50. Nd3 Qh4+ 51. Kf3 Rg5 52. Qh3 Qxh3+ 53. Bxh3 Rg7 54. Rxg7+ Kxg7 55. Nb2 Kh6 56. Ke3 Kg5 57. Bf1 Bh5 58. Bd3 Be8 59. Nd1 Bd7 60. Nc3 Be8 61. Nb1 Bh5 62. Nc3 Be8 63. Be2 Bh5 64. Bxb5 axb5 65. Nxb5 Be8 66. Nxd6 Bd7 67. b5 Kh6 68. Kd3 Kg7 69. Kc3 Kf8 70. Nc4 Nxd5+ 71. exd5 Bxf5 72. b6 Bc8 73. Nd6 Ba6 74. Kb4 Ke7 75. Ka5 1-0

[Event "Moscow VDFSO"]
[Site "Moscow"]
[Date "1992.??.??"]
[Round "?"]
[White "Muhutdinov, Marat"]
[Black "Gavrilov, Alexei"]
[Result "0-1"]
[WhiteElo "2440"]
[BlackElo "2360"]
[PlyCount "74"]
[EventDate "1992.??.??"]
[Source "ChessBase"]

1. e4 e5 2. Nf3 Nc6 3. Bb5 a6 4. Ba4 Nf6 5. O-O Be7 6. Re1 b5 7. Bb3 d6 8. c3 O-O 9. a3 h6 10. d4 Bg4 11. d5 Na5 12. Ba2 c6 13. dxc6 Qc7 14. Nbd2 Qxc6 15. Nf1 Be6 16. Bxe6 fxe6 17. N3d2 Nc4 18. f3 Nd7 19. Qe2 d5 20. b3 Ncb6 21. Bb2 Bg5 22. Ne3 a5 23. exd5 exd5 24. Rac1 Rac8 25. g4 Rfe8 26. Kg2 a4 27. b4 Nf6 28. Qd3 e4 29. Qd4 exf3+ 30. Kxf3 Ne4 31. Rc2 Nxd2+ 32. Rxd2 Rxe3+ 33. Rxe3 Bxe3 34. Kxe3 Nc4+ 35. Kd3 Qg6+ 36. Ke2 Re8+ 37. Kf2 Nxd2 0-1

[Event "Moscow Tal Memorial"]
[Site "Moscow RUS"]
[Date "1992.??.??"]
[Round "?"]
[White "Muhutdinov, Marat"]
[Black "Shchekachev, Andrei"]
[Result "1-0"]
[WhiteElo "2425"]
[BlackElo "2375"]
[PlyCount "63"]
[EventDate "1992.08.??"]
[Source "www.chesslib.no"]
[SourceDate "2004.05.04"]

1. e4 e5 2. Nf3 Nc6 3. Bb5 a6 4. Ba4 Nf6 5. O-O Be7 6. Re1 b5 7. Bb3 d6 8. c3 O-O 9. a3 Be6 10. d4 Bxb3 11. Qxb3 Qb8 12. Nbd2 Qb6 13. d5 Na5 14. Qa2 c6 15. b4 Nb7 16. Nf1 cxd5 17. exd5 Rac8 18. Be3 Qc7 19. Bd2 Nd7 20. a4 Nb6 21. axb5 axb5 22. Qa6 Nxd5 23. Qxb5 Qc6 24. Qxc6 Rxc6 25. Ra7 Rb8 26. Nxe5 Rc7 27. Nd3 Bf6 28. c4 Nb6 29. c5 Nd5 30. c6 Nc5 31. Rxc7 Nxd3 32. Rb7 1-0

[Event "FRG-ch 19th"]
[Site "Bad Neuenahr"]
[Date "1987.??.??"]
[Round "?"]
[White "Brueckner, Thomas"]
[Black "Schulz, Klaus Juergen"]
[Result "1/2-1/2"]
[WhiteElo "2345"]
[BlackElo "2440"]
[PlyCount "27"]
[EventDate "1987.??.??"]
[Source "ChessBase"]

1. e4 e5 2. Nf3 Nc6 3. Bb5 a6 4. Ba4 Nf6 5. O-O Be7 6. Re1 b5 7. Bb3 d6 8. c3 O-O 9. a3 Bb7 10. d4 Re8 11. Ng5 Rf8 12. Nf3 Re8 13. Ng5 Rf8 14. Nf3 1/2-1/2

[Event "3eme Open International de La Fere"]
[Site "Paris"]
[Date "2004.??.??"]
[Round "5.4"]
[White "Ciuksyte, Dagne"]
[Black "Gozzoli, Yannick"]
[Result "1/2-1/2"]
[WhiteElo "2338"]
[BlackElo "2429"]
[PlyCount "113"]
[EventDate "2004.07.03"]
[Source "Roberto Alvarez"]
[SourceDate "2004.07.12"]

1. e4 e5 2. Nf3 Nc6 3. Bb5 a6 4. Ba4 Nf6 5. O-O Be7 6. Re1 b5 7. Bb3 d6 8. c3 O-O 9. a3 Be6 10. Bc2 Bg4 11. h3 Bh5 12. d3 d5 13. Nbd2 d4 14. Nf1 Nd7 15. Bb3 Na5 16. Ba2 c5 17. g4 Bg6 18. Bd5 Rc8 19. a4 dxc3 20. axb5 axb5 21. bxc3 c4 22. Ba3 Bxa3 23. Rxa3 Re8 24. Ne3 Nc5 25. dxc4 Nxc4 26. Nxc4 bxc4 27. Nd2 Nd3 28. Re3 Nf4 29. Qf3 Rc5 30. Ra8 Qe7 31. Rxe8+ Qxe8 32. Bxc4 Qa4 33. Bb3 Qb5 34. Qd1 h5 35. Kh2 Rc8 36. Nf3 hxg4 37. hxg4 Qa5 38. Qd6 Re8 39. Kg3 Qa1 40. Qd1 Qxd1 41. Bxd1 f6 42. Bb3+ Bf7 43. Bxf7+ Kxf7 44. g5 Rc8 45. Kg4 Ke6 46. Nh4 Rd8 47. Re1 Rd2 48. Ra1 Rxf2 49. Ra6+ Kf7 50. Ra7+ Ke6 51. Rxg7 fxg5 52. Kxg5 Rf1 53. Ra7 Rg1+ 54. Kh6 Re1 55. Ra6+ Kd7 56. Ra4 Re3 57. Rc4 1/2-1/2

[Event "LAT-ch"]
[Site "LAT"]
[Date "1994.??.??"]
[Round "9"]
[White "Savko, Alexei"]
[Black "Krivonosov, Oleg"]
[Result "1/2-1/2"]
[WhiteElo "2365"]
[BlackElo "2400"]
[PlyCount "25"]
[EventDate "1994.??.??"]
[Source "ChessBase"]

1. e4 e5 2. Nf3 Nc6 3. Bb5 a6 4. Ba4 Nf6 5. O-O Be7 6. Re1 b5 7. Bb3 d6 8. c3 O-O 9. a3 Nb8 10. d4 Nbd7 11. c4 Bb7 12. Nc3 c6 13. h3 1/2-1/2

[Event "Arab-ch 4th"]
[Site "Beirut"]
[Date "2000.08.08"]
[Round "4"]
[White "Tissir, Mohamed"]
[Black "Sarsam, S Abdulla"]
[Result "1/2-1/2"]
[WhiteElo "2342"]
[BlackElo "2423"]
[PlyCount "127"]
[EventDate "2000.08.05"]
[Source "ChessBase"]
[SourceDate "2000.09.14"]

1. e4 e5 2. Nf3 Nc6 3. Bb5 a6 4. Ba4 Nf6 5. O-O Be7 6. Re1 b5 7. Bb3 O-O 8. a3 d6 9. c3 Nd7 10. d4 Bf6 11. a4 Bb7 12. d5 Na5 13. Bc2 Qc8 14. Na3 c6 15. b4 Nc4 16. Nxc4 bxc4 17. dxc6 Qxc6 18. Ba3 Rfd8 19. Qe2 Nf8 20. Nd2 Rac8 21. Nf1 Ne6 22. Ne3 Nf4 23. Qf3 Qe8 24. Rad1 Be7 25. Bc1 Bf8 26. Nf5 Ne6 27. h4 g6 28. Nh6+ Bxh6 29. Bxh6 f5 30. Qh3 f4 31. Rd2 Rc7 32. Bd1 Qe7 33. Bg4 Re8 34. Red1 Rd7 35. Re1 Rdd8 36. g3 Qf7 37. Qf1 Qc7 38. a5 Qc6 39. Qh3 Bc8 40. Qf1 Nd4 41. cxd4 Bxg4 42. d5 Qb5 43. Rc2 Qxb4 44. Rxc4 Qxa5 45. gxf4 Rd7 46. fxe5 dxe5 47. Ra1 Qb5 48. Rac1 Rf7 49. Rc7 Qb4 50. Rxf7 Kxf7 51. Qxa6 Rc8 52. Rxc8 Bxc8 53. Qe2 Qb3 54. Bg5 Qh3 55. Qc2 h6 56. Bxh6 Qg4+ 57. Kf1 Ba6+ 58. Ke1 Qg1+ 59. Kd2 Qxf2+ 60. Kc1 Qe1+ 61. Kb2 Qb4+ 62. Kc1 Qe1+ 63. Kb2 Qb4+ 64. Kc1 1/2-1/2

[Event "Warsaw Legion Open"]
[Site "Warsaw POL"]
[Date "1991.??.??"]
[Round "7"]
[White "Suetin, Alexei S"]
[Black "Czerwonski, Aleksander"]
[Result "1/2-1/2"]
[WhiteElo "2375"]
[BlackElo "2370"]
[PlyCount "41"]
[EventDate "1991.??.??"]
[Source "www.chesslib.no"]
[SourceDate "2004.05.04"]

1. e4 e5 2. Nf3 Nc6 3. Bb5 a6 4. Ba4 Nf6 5. O-O Be7 6. Re1 b5 7. Bb3 d6 8. c3 O-O 9. a3 d5 10. exd5 Nxd5 11. Nxe5 Nxe5 12. Rxe5 c6 13. d4 Bd6 14. Re1 Qh4 15. g3 Qh3 16. Be3 Bg4 17. Qd3 Rae8 18. Nd2 f5 19. Qf1 Qh5 20. f4 g5 21. Qf2 1/2-1/2

[Event "Novi Sad Open"]
[Site "Novi Sad YUG"]
[Date "1989.??.??"]
[Round "5"]
[White "Suetin, Alexei S"]
[Black "Stoinev, Metodi"]
[Result "1/2-1/2"]
[WhiteElo "2350"]
[BlackElo "2380"]
[PlyCount "75"]
[EventDate "1989.??.??"]
[Source "www.chesslib.no"]
[SourceDate "2004.05.04"]

1. e4 e5 2. Nf3 Nc6 3. Bb5 a6 4. Ba4 Nf6 5. O-O Be7 6. Re1 b5 7. Bb3 d6 8. c3 O-O 9. a3 Bg4 10. h3 Bh5 11. d3 Na5 12. Bc2 c5 13. Nbd2 Qc7 14. Nf1 Rad8 15. Ng3 Bg6 16. Nh4 d5 17. Qe2 dxe4 18. dxe4 c4 19. Nhf5 Bc5 20. Bg5 Qb6 21. Qf3 Rd7 22. Rad1 Rfd8 23. Rxd7 Rxd7 24. Rd1 Rxd1+ 25. Bxd1 Ne8 26. h4 f6 27. Be3 Bxe3 28. Nxe3 Bf7 29. Ngf5 Nb7 30. Nd5 Qd8 31. Nfe7+ Kf8 32. Qe3 Bxd5 33. Nxd5 Nc7 34. Nxc7 Qxd1+ 35. Kh2 Qd6 36. Nd5 Nc5 37. Qh3 Qe6 38. Qe3 1/2-1/2